| 000 | 01422nam a2200325 4500 | ||
|---|---|---|---|
| 001 | 432 | ||
| 003 | OSt | ||
| 005 | 20250624142329.0 | ||
| 008 | 250624b |||||||d |||| 00| 1 eng d | ||
| 020 | _a9788542611816 | ||
| 040 | _bpor | ||
| 041 |
_heng _apor |
||
| 082 |
_aIJ 028.5 _bH668j |
||
| 100 |
_aHirohiko Araki, _d1960- _9939 |
||
| 240 | _aJojo´s Bizarre Adventure - Phantom Blood vol. 01 | ||
| 245 |
_aJojo´s Bizarre Adventure - _bPhantom Blood - vol. 01 / _cHirohiko Araki, Tradução de Renata Leitão |
||
| 260 |
_aBarueri _bPanini _c2018 |
||
| 300 |
_a307 p. _bil. |
||
| 490 | 1 |
_aJojo´s Bizarre Adventure - Phantom Blood _vvol. 01 |
|
| 520 | _aJonathan é o herdeiro único de uma notória família da aristocracia britânica, os Joestar. Tudo o que o jovem queria era ser um cavalheiro e viver de forma tranquila e despreocupada. Porém, seus pacatos dias estão para acabar, pois a chegada do “invasor” Dio Brando fará tudo virar de cabeça para baixo. Além de sofrer diariamente nas mãos de Dio, ainda há a presença sombria de uma misteriosa Máscara de Pedra. | ||
| 650 | 0 |
_aLiteratura Japonesa _9534 |
|
| 650 | 0 |
_aInfantojuvenil _9200 |
|
| 650 | 0 |
_aSuper-heróis _9671 |
|
| 650 | 0 |
_aAção _964 |
|
| 650 | 0 |
_aTerror _9141 |
|
| 655 | 0 |
_aMangá _9940 |
|
| 700 |
_aRenata leitão _eTradução _9941 |
||
| 830 |
_aJojo´s Bizarre Adventure - Phantom Blood _vvol. 01 _9942 |
||
| 942 |
_2ddc _n0 _cBK |
||
| 999 |
_c432 _d432 |
||